International business up 2000 (Record no. 31247)
[ view plain ]
| 000 -LEADER | |
|---|---|
| fixed length control field | 00527nam a2200181Ia 4500 |
| 020 ## - INTERNATIONAL STANDARD BOOK NUMBER | |
| ISBN | 003031626X |
| 050 ## - CALL MARK | |
| Classification number | HF 1379 .C94/ |
| 100 ## - STATEMENT OF RESPONSIBILITY--MAIN AUTHOR NAME | |
| Personal name | Czinkota, Michael R. |
| 245 #0 - TITLE STATEMENT | |
| Title | International business up 2000 |
| 260 ## - PUBLICATION, DISTRIBUTION, ETC. (IMPRINT) | |
| Place of publication | Fort Worth |
| 260 ## - PUBLICATION, DISTRIBUTION, ETC. (IMPRINT) | |
| Name of publisher | Dryden Press |
| 260 ## - PUBLICATION, DISTRIBUTION, ETC. (IMPRINT) | |
| Year of publication | c2000. |
| 300 ## - PHYSICAL DESCRIPTION | |
| Number of Pages | 859 p |
| 650 ## - SUBJECT ADDED ENTRY--TOPICAL TERM | |
| Topical Term | International trade. International finance. Investments, Foreign. International business enterprises. |
| 942 ## - ADDED ENTRY ELEMENTS (KOHA) | |
| Koha item type | Books |
| Withdrawn status | Lost status | Source of classification or shelving scheme | Damaged status | Not for loan | Permanent Location | Current Location | Date acquired | Accession Number | Price effective from | Koha item type |
|---|---|---|---|---|---|---|---|---|---|---|
| Library of Congress Classification | NILE UNIVERSITY OF NIGERIA - MAIN LIBRARY | NILE UNIVERSITY OF NIGERIA - MAIN LIBRARY | 04/23/2025 | 0003493 | 04/23/2025 | Books |